Statistics for Municipalities of Tokyo Prefecture

Click here to take the quiz!

General Stats

  • This quiz has been taken 198 times
  • The average score is 35 of 62

Answers on the Map

Answers color-coded by a green-red scale on the quiz's map according to % correct below.
 

Answer Stats

Answer% Correct
Shibuya 渋谷
92%
Shinjuku 新宿
89%
Hachioji 八王子
79%
Minato 港
78%
Chiyoda 千代田
75%
Chuo 中央
75%
Shinagawa 品川
75%
Kita 北
72%
Ota 大田
72%
Adachi 足立
71%
Nerima 練馬
69%
Meguro 目黒
68%
Arakawa 荒川
67%
Edogawa 江戸川
67%
Setagaya 世田谷
67%
Taito 台東
67%
Katsushika 葛飾
65%
Koto 江東
65%
Toshima 豊島
65%
To-shima 利島
65%
Machida 町田
64%
Nakano 中野
64%
Bunkyo 文京
63%
Fuchu 府中
63%
Tama 多摩
63%
Itabashi 板橋
61%
Sumida 墨田
61%
Chofu 調布
60%
Suginami 杉並
60%
Tachikawa 立川
58%
Hino 日野
57%
Nishitokyo 西東京
57%
Musashino 武蔵野
56%
Mitaka 三鷹
54%
Okutama 奥多摩
54%
Ome 青梅
53%
Kokubunji 国分寺
51%
Ogasawara 小笠原
51%
Akiruno あきる野
50%
Akishima 昭島
50%
Fussa 福生
50%
Hachijo 八丈
50%
Higashimurayama 東村山
50%
Koganei 小金井
50%
Komae 狛江
50%
Oshima 大島
50%
Kodaira 小平
49%
Kunitachi 国立
44%
Musashimurayama 武蔵村山
44%
Inagi 稲城
43%
Aogashima 青ヶ島
42%
Higashikurume 東久留米
42%
Hinode 日の出
42%
Hinohara 檜原
42%
Kiyose 清瀬
40%
Mizuho 瑞穂
40%
Hamura 羽村
39%
Higashiyamato 東大和
39%
Miyake 三宅
39%
Niijima 新島
35%
Mikurajima 御蔵島
31%
Kozushima 神津島
28%

Score Distribution

Percentile by Number Answered

Percent of People with Each Score

Your Score History

You have not taken this quiz